Statistiche per Riconosci la Squadra di calcio - Quiz n°9

Clicka qui per fare il quiz!

Statistiche generali

  • Questo quiz è stato fatto 11 volte
  • Il punteggio medio è 3 su 9

Statistiche sulle risposte

IndizioRisposta% Corretto
Colori socialiAzzurro, bianco
100%
Titoli nazionali3 Campionati cechi
89%
Trofei nazionali2 Coppe della Repubblica Ceca
33%
Divisione nazionale 2023-2024Prima
33%
Trofei internazionali0
22%
Fondazione1958
22%
ConfederazioneUEFA
22%
Capienza Stadio9 900 posti
11%
SquadraSlovan Liberec
11%

Distribuzione punteggi

Percentile per numero di risposta

Percentuale di utenti per punteggio

I tuoi punteggi nel tempo

Non hai fatto questo quiz